Старецът и морето (Запис номер 174447)
[ съкратено ]
| 000 -Лидер | |
|---|---|
| Контролно поле с фиксирана дължина | 01437nam a2200361 c 4500 |
| 003 - Код на организацията, давaща контролен номер | |
| Контролно поле | BLK |
| 005 - Дата и час на последна редакция | |
| Контролно поле | 20240909131149.0 |
| 008 - Елементи от данни с фиксирана дължина | |
| fixed length control field | 180411b bul|||||r ||||||| ||bul|| |
| 010 ## - Наследен системен номер | |
| LC control number | KNG00182928000 |
| 040 ## - Източник на каталожния запис | |
| Идентификатор на билиотеката - собственик на записа | BLK |
| 041 ## - Код за език | |
| Код за езика на текст/звукозапис или на отделно заглавие | Български |
| Код за езика КДБФ | Български |
| 080 ## - УДК | |
| Текстов определител УДК | Американска литература (на САЩ) |
| УДК код - определител по УДК | 821.111(73) |
| УДК определител | -32 |
| УДК - код + определител | 821.111(73)-32 |
| 100 1# - Редна дума - Автор | |
| Автор | Хемингуей, Ърнест |
| Авторска отговорност | първи автор |
| R(LIN) | 367561 |
| 139 ## - Редно поле | |
| Редна дума | Хемингуей, Ърнест |
| Авторски знак | Хем - Х 41 |
| 245 10 - Сведения за заглавието | |
| Заглавие | Старецът и морето |
| Подзаглавни данни | Повест |
| Редно поле (дума) | Ърнест Хемингуей; прев. от англ. Теодора Атанасова, Боян Атанасов; ред. Асен Христофоров. |
| 250 ## - Област на изданието | |
| Сведения за изданието | 2. изд. |
| 257 ## - Страна на издаване | |
| Страна на създаване/издаване | Съединени американски щати |
| 260 ## - Област на издателските данни | |
| Име на издателя, разпространителя и проч. | Нар. култура |
| Година на издаване | 1964 |
| Място на издаване, разпространение и проч. | София |
| 300 ## - Физическа характеристика | |
| Страници | 100 с. |
| Размери/Мащаб | 25 см |
| 380 ## - Жанр | |
| Жанр | Худож. лит. |
| 490 ## - СЕРИИ (Колекции) | |
| Име на серия | Книги за всички |
| №: серия | 8 |
| 9 (RLIN) | 208191 |
| 500 ## - Общи забележки | |
| Забележка | 1. изд. 1957 |
| 700 1# - Други автори (авторска отговорност) | |
| Лично име | Атанасова, Теодора |
| Автороска отговорност (Описва отношението между автора и произведението) | прев. от англ. |
| 9 (RLIN) | 366376 |
| 700 1# - Други автори (авторска отговорност) | |
| Лично име | Атанасов, Боян |
| Автороска отговорност (Описва отношението между автора и произведението) | прев. от англ. |
| 9 (RLIN) | 376038 |
| 700 1# - Други автори (авторска отговорност) | |
| Лично име | Христофоров, Асен |
| Автороска отговорност (Описва отношението между автора и произведението) | ред. |
| 9 (RLIN) | 365085 |
| 852 ## - Местоположение | |
| Форматна сигнатура | Цб 29046 |
| 856 4# - Електронен адрес и достъп | |
| Електронен формат | pdf - файл |
| 856 4# - Електронен адрес и достъп | |
| Електронен формат | pdf - файл |
| 999 ## - СИСТЕМНИ КОНТРОЛНИ НОМЕРА | |
| Koha biblionumber | 174447 |
| Koha biblioitemnumber | 174447 |
| 942 ## - АРТИКУЛИ | |
| Вид на библиотечния материал | Книги |
| Скрит в OPAC | Не |
| Koha issues (borrowed), all copies | 3 |
| Периодичен библиозапис | Да |
| 944 ## - СЪЗДАВАНЕ И РЕДАКЦИЯ на ЗАПИСА | |
| Създаване/Редакция | Създаване |
| Дата на регистрацията/редакция | 29.09.2015 |
| Служител, извършил регистрацията/редакцията | 30542 |
| Статус, дата на статуса | Русанова Ирена |
| 944 ## - СЪЗДАВАНЕ И РЕДАКЦИЯ на ЗАПИСА | |
| Създаване/Редакция | Редакция |
| Дата на регистрацията/редакция | 29.09.2015 |
| Служител, извършил регистрацията/редакцията | Христина_Везирева |
| 999 ## - СИСТЕМНИ КОНТРОЛНИ НОМЕРА | |
| Koha biblioitemnumber | 174447 |
| Код за отписване | Код за изгубен артикул | Източник на класификационната схема | Код за повреда | Коз за рестрикции | Код за отдаване | Артикулен № | Име на библиотеката - собственик | Име на библиотеката, в която се намира в момента | Статус (Текущо местоположение) | Дата на вписване в системата | Местоположение - отдел | Цена в лева | Инвентарен номер | Систематично азбучна сигнатура | Баркод | Номер на екземпляра | Цена в евро | Служебна бележка | Служебен тип на артикула |
|---|---|---|---|---|---|---|---|---|---|---|---|---|---|---|---|---|---|---|---|
| Не е изгубен | Universal Decimal Classification | Не е повреден | само за читалня | ползва се в читалня | 299423 | Регионална библиотека "Любен Каравелов" Русе | Регионална библиотека "Любен Каравелов" Русе | Хранилище | 1964-01-01 | Хранилище | 0.26 | 3688/64 | Цб 29046 | 900000093186 | 1 | 0.13 | Вид: Сф N: стар фонд Дата: 01.01.1964 | Книги | |
| Изтеглен | Не е изгубен | Universal Decimal Classification | Не е повреден | без рестрикции | заемане за дома | 299424 | Регионална библиотека "Любен Каравелов" Русе | Регионална библиотека "Любен Каравелов" Русе | Заемна - подръчен фонд | 1964-01-01 | Заемна - подръчен фонд | 0.00 | 2672/64 | П 820(73)/Х 41 | 2672/64 | 2 | 0.00 | Вид: Сф N: стар фонд Дата: 01.01.1964 | Книги |
| Изтеглен | Не е изгубен | Universal Decimal Classification | Не е повреден | без рестрикции | заемане за дома | 299425 | Регионална библиотека "Любен Каравелов" Русе | Регионална библиотека "Любен Каравелов" Русе | Заемна - подръчен фонд | 1964-01-01 | Заемна - подръчен фонд | 0.00 | 2673/64 | П 820(73)/Х 41 | 2673/64 | 3 | 0.00 | Вид: Сф N: стар фонд Дата: 01.01.1964 | Книги |
| Изтеглен | Не е изгубен | Universal Decimal Classification | Не е повреден | без рестрикции | заемане за дома | 299426 | Регионална библиотека "Любен Каравелов" Русе | Регионална библиотека "Любен Каравелов" Русе | Заемна - подръчен фонд | 1964-01-01 | Заемна - подръчен фонд | 0.00 | 2675/64 | П 820(73)/Х 41 | 2675/64 | 4 | 0.00 | Вид: Сф N: стар фонд Дата: 01.01.1964 | Книги |
| Изтеглен | Не е изгубен | Universal Decimal Classification | Не е повреден | без рестрикции | заемане за дома | 299427 | Регионална библиотека "Любен Каравелов" Русе | Регионална библиотека "Любен Каравелов" Русе | Заемна - подръчен фонд | 1964-01-01 | Заемна - подръчен фонд | 0.00 | 2678/64 | П 820(73)/Х 41 | 2678/64 | 5 | 0.00 | Вид: Сф N: стар фонд Дата: 01.01.1964 | Книги |
| Изтеглен | Не е изгубен | Universal Decimal Classification | Не е повреден | без рестрикции | заемане за дома | 299428 | Регионална библиотека "Любен Каравелов" Русе | Регионална библиотека "Любен Каравелов" Русе | Заемна - подръчен фонд | 1964-01-01 | Заемна - подръчен фонд | 0.00 | 2679/64 | П 820(73)/Х 41 | 2679/64 | 6 | 0.00 | Вид: Сф N: стар фонд Дата: 01.01.1964 | Книги |
| Изтеглен | Не е изгубен | Universal Decimal Classification | Не е повреден | без рестрикции | заемане за дома | 299429 | Регионална библиотека "Любен Каравелов" Русе | Регионална библиотека "Любен Каравелов" Русе | Заемна - подръчен фонд | 1964-01-01 | Заемна - подръчен фонд | 0.26 | 569304 | П 820(73)/Х 41 | 569304 | 7 | 0.13 | Вид: Сф N: стар фонд Дата: 01.01.1964 | Книги |
| Не е изгубен | Universal Decimal Classification | Не е повреден | без рестрикции | заемане за дома | 299430 | Регионална библиотека "Любен Каравелов" Русе | Регионална библиотека "Любен Каравелов" Русе | Заемна - подръчен фонд | 1964-01-01 | Заемна - подръчен фонд | 0.26 | 2884/64 | 821-32/Х 41 | 900000103186 | 8 | 0.13 | Вид: Сф N: стар фонд Дата: 01.01.1964 Дата инв: 07.10.2015 Бележки инв: Д2015 | Книги |